| 000 | 00801nam a22002297a 4500 | ||
|---|---|---|---|
| 003 | 0 | ||
| 005 | 20251021144616.0 | ||
| 008 | 251021b xxu||||| |||| 00| 0 eng d | ||
| 020 | _a978-1-98469-494-2 | ||
| 050 |
_aNA 2728 _b.B46 2025 |
||
| 100 |
_aBennett, Ethan, _eauthor. |
||
| 245 |
_a3D printing in architecture / _cEthan Bennett. |
||
| 260 |
_aNew York, NY : _b3G E-Learning LLC, _c2025. |
||
| 300 |
_axvi, 284 pages : _bcolored illustrations ; _c26 cm. |
||
| 504 | _aIncludes bibliographical references and index. | ||
| 650 |
_aArchitecture _xComputer-aided design. |
||
| 650 | _aThree-dimensional printing. | ||
| 650 |
_aArchitectural models _xDesign and construction. |
||
| 650 | _aDigital fabrication. | ||
| 650 |
_aBuilding _xDesign and construction _vData processing. |
||
| 942 |
_2lcc _cBK |
||
| 999 |
_c368317 _d368317 |
||